BIBLIOTHÈQUE DE LA MAISON DU MEXIQUE

Logo 1 Logo 2

Relatos (notice nᵒ 6955)

détails MARC
000 -Sello discográfico
campo de control de longitud fija 00928nam a2200289 4500
005 - Identificación de versión
campo de control 20251016084439.0
099 ## - fechas locales
Tipo de ítem Koha LIBRO
100 ## - Datos de procesamiento general
Datos de procesamiento general 20231123d19551941m y1spay5003 ba
105 ## - Campo de datos codificados: Material textual, monográfico
Datos codificados de monografía y 001ay
200 1# - Título y mención de responsabilidad
Título propio Relatos
Designación general del material texto impreso
Primer mención de responsabilidad José María Roa Bárcena
Declaración de responsabilidad subsiguiente selección y prólogo Julio Jiménez Ruela
205 ## - Declaración de edición
Declaración de edición 2a ed
210 ## - Publicación, distribución, etc.
Lugar de publicación, distribución, etc. México
Nombre del editor, distribuidor, etc. Ediciones de la Universidad Nacional Autónoma
Fecha de publicación, distribución, etc. 1955
215 ## - Descripción física
Designación de material específico y extensión del ítem 185 p
Dimensiones 20 cm
345 ## - Nota de información de adquisición
Fuente de adquisición/dirección de la suscripción [OBSOLETO] Donación
410 #1 - Series
Título Biblioteca del Estudiante Universitario
Número de volumen 28
606 ## - Término temático usado como materia
Elemento de entrada Cuentos mexicanos
Subdivisión cronológica Siglo XIX
Número Koha 2869
660 ## - Código de área geográfica
Código MX
700 ## - Nombre personal - Responsabilidad primaria
Elemento de entrada Roa Bárcena
Parte del nombre distinta del elemento de entrada José María
Fechas 1827-1908
Número Koha 10512
702 ## - Nombre personal - Responsabilidad secundaria
Elemento de entrada Jiménez Rueda
Parte del nombre distinta del elemento de entrada Julio
Fechas 1896-1960
Número Koha 3929
801 #0 - Fuente de origen
País FR
Agencia cm
Reglas de catalogación (convenciones descriptivas) AFNOR
900 ## -
-- 1/22515
900 ## -
-- 7100417642\080104
942 ## - ELEMENTOS DE ENTRADA SECUNDARIOS (KOHA)
Tipo de ítem Koha Livre
996 ## -
-- MEX
-- 751145101
-- MMAG
-- 009109
-- 082.1 B820 V.28
-- 20231123LIV
Exemplaires
Estatus retirado Estado de daño Estado de pérdida Fecha de adquisición Biblioteca de origen Biblioteca actual Ubicación en estantería Código de barras Precio de reemplazo Signatura topográfica completa No para préstamo Tipo de ítem Koha Nota pública Nota no pública
      05/08/2025 Casa México Paris Casa México Paris   009109 05/08/2025 082.1 B820 V.28   Livre 20231123LIV 751145101